|
|
|
|
| LEADER |
01492nam a22003732a 4500 |
| 001 |
000096733 |
| 003 |
CZ BrMZK |
| 005 |
20251006120840.0 |
| 007 |
ta |
| 008 |
010907s1992 xr a g 000 d cze d |
| 015 |
|
|
|a cnb000066475
|
| 020 |
|
|
|a 80-7106-044-5
|q (Váz.)
|
| 040 |
|
|
|a ABA001
|b cze
|d BOA001
|d ABA001
|
| 072 |
|
7 |
|a 821.162.3-2
|x České drama
|2 Konspekt
|9 25
|
| 080 |
|
|
|a 821.162.3-2
|2 MRF
|
| 080 |
|
|
|a (0:82-2)
|2 MRF
|
| 080 |
|
|
|a (081.1)
|2 MRF
|
| 100 |
1 |
|
|a Havel, Václav,
|d 1936-2011
|7 jk01040240
|4 aut
|
| 245 |
1 |
0 |
|a Hry :
|b soubor her z let 1963 - 1988 /
|c Václav Havel ; [k vydání připravila, seznam premiér sestavila a fotografie vybrala Anna Freimanová]
|
| 250 |
|
|
|a 1. vyd. v tomto souboru
|
| 260 |
|
|
|a Praha :
|b Lidové noviny,
|c 1992
|
| 300 |
|
|
|a 511 s., [32] s. obr. příl. :
|b il.
|
| 655 |
|
7 |
|a česká dramata
|7 fd133957
|2 czenas
|
| 655 |
|
7 |
|a sebrané spisy
|7 fd133355
|2 czenas
|
| 655 |
|
9 |
|a Czech drama
|2 eczenas
|
| 655 |
|
9 |
|a collected works
|2 eczenas
|
| 700 |
1 |
|
|a Freimanová, Anna,
|d 1951-
|7 kup19970000028989
|4 com
|
| 856 |
4 |
1 |
|u http://www.digitalniknihovna.cz/mzk/uuid/uuid:8b861610-4909-11e2-bc08-005056827e52
|y Digitalizovan dokument
|
| 910 |
|
|
|a BOA001
|b 2-0977.203
|b PK-0116.266
|
| 920 |
|
|
|a 000023136
|
| 990 |
|
|
|a BK
|
| 991 |
|
|
|f B-HAV
|
| 996 |
6 |
|
|b 2610874889
|c 2-0977.203
|l MZK
|r Sklad / do 1 hodiny
|n 0
|p dar
|w 000096733
|u 000030
|a 1
|e BOA001
|j MZK50
|s P
|
| 996 |
7 |
|
|b 3119998935
|c PK-0116.266
|l MZK
|r Sklad / do 1 hodiny
|n 114
|w 000096733
|u 000020
|a 1
|e BOA001
|j MZK50
|s A
|